<?xml version="1.0" encoding="UTF-8"?>
<collection xmlns:xsi="http://www.w3.org/2001/XMLSchema-instance" xsi:schemaLocation="http://www.loc.gov/MARC21/slim http://www.loc.gov/standards/marcxml/schema/MARC21slim.xsd" xmlns="http://www.loc.gov/MARC21/slim">
 <record>
  <leader>00000cgc a22000003a 4500</leader>
  <controlfield tag="001">UP-1685594773861710224</controlfield>
  <controlfield tag="003">Buklod</controlfield>
  <controlfield tag="005">20090624105351.0</controlfield>
  <controlfield tag="006">j|||||||||||||| | </controlfield>
  <controlfield tag="007">ta</controlfield>
  <controlfield tag="008">150820s1978    cau||| |     ||   ||eng d</controlfield>
  <datafield tag="020" ind1=" " ind2=" ">
   <subfield code="a">0784011540</subfield>
  </datafield>
  <datafield tag="035" ind1=" " ind2=" ">
   <subfield code="a">(iLib)UPBAG-00005898042</subfield>
  </datafield>
  <datafield tag="037" ind1=" " ind2=" ">
   <subfield code="a">VDR-599</subfield>
  </datafield>
  <datafield tag="040" ind1=" " ind2=" ">
   <subfield code="a">BAG</subfield>
   <subfield code="e">rda</subfield>
  </datafield>
  <datafield tag="041" ind1="0" ind2=" ">
   <subfield code="a">eng</subfield>
  </datafield>
  <datafield tag="090" ind1=" " ind2=" ">
   <subfield code="a">VDR-599</subfield>
  </datafield>
  <datafield tag="245" ind1="0" ind2="0">
   <subfield code="a">Capricorn one</subfield>
   <subfield code="h">[videorecording]</subfield>
   <subfield code="c">Capricorn One Associates ; written and directed by Peter Hyams ; produced by Paul N. Lazarus.</subfield>
  </datafield>
  <datafield tag="264" ind1=" " ind2="1">
   <subfield code="a">Sta. Monica, California</subfield>
   <subfield code="b">Capricorn One Associates</subfield>
   <subfield code="c">©1978.</subfield>
  </datafield>
  <datafield tag="300" ind1=" " ind2=" ">
   <subfield code="a">1 videodisc (123 min.)</subfield>
   <subfield code="b">sound, color</subfield>
   <subfield code="c">4 3/4 in.</subfield>
  </datafield>
  <datafield tag="508" ind1=" " ind2=" ">
   <subfield code="a">Music by, Jerry Goldsmith.</subfield>
  </datafield>
  <datafield tag="511" ind1="1" ind2=" ">
   <subfield code="a">Elliott Gould, James Brolin, Brenda Vaccaro, Sam Waterston, O.J. Simpson, Hal Holbrook, with David Huddleston, David Doyle, Karen Black, Telly Savalas.</subfield>
  </datafield>
  <datafield tag="520" ind1=" " ind2=" ">
   <subfield code="a">What if one of the greatest space adventures was really a hoax? The whole world id watching the first manned flight to Mars prepare. Suddenly, its astranauts are taken from the craft to an abandoned desert hanger where NASA's director tells them their life support systems have failed. Because the mission's success if crucial to future space programs, he orders them to take part in a simulated Martian landing as cameras roll. If they refuse, their families will be harmed. The phony flight goes well until an uninformed NASA technician spots a computer discrepancy. He mentions it to a reporter friend who smells a story to starts to investigate. When their rocket disintegrates and the world thinks them dead, the astronauts realize their lives are in danger. They escape and separate-hoping one will survive to expose the sensational fraud.</subfield>
  </datafield>
  <datafield tag="538" ind1=" " ind2=" ">
   <subfield code="a">5.1 Dolby digital audio</subfield>
  </datafield>
  <datafield tag="546" ind1=" " ind2=" ">
   <subfield code="a">In English.</subfield>
  </datafield>
  <datafield tag="650" ind1=" " ind2="0">
   <subfield code="a">Science fiction films.</subfield>
  </datafield>
  <datafield tag="700" ind1="1" ind2=" ">
   <subfield code="a">Lazarus, Paul N.</subfield>
   <subfield code="e">producer.</subfield>
  </datafield>
  <datafield tag="700" ind1="1" ind2=" ">
   <subfield code="a">Hyams, Peter</subfield>
   <subfield code="e">writer</subfield>
   <subfield code="e">director.</subfield>
  </datafield>
  <datafield tag="905" ind1=" " ind2=" ">
   <subfield code="a">FO</subfield>
  </datafield>
  <datafield tag="852" ind1="0" ind2=" ">
   <subfield code="a">UPBAG</subfield>
   <subfield code="b">UPBAG-MAIN</subfield>
   <subfield code="h">BC-VDR-599</subfield>
  </datafield>
  <datafield tag="942" ind1=" " ind2=" ">
   <subfield code="a">Visual Material</subfield>
  </datafield>
 </record>
</collection>
